000
00201 a2200097 4500
001
46143
100
_a
Hye,
245
_a
All Asia Guide
260
_a
Hongkong
_b
F E E Review
_c
090
_c
29246
_d
29246
942
_a
NUST-CAE
_c
M
_c
21387
999
_c
281216
_d
281216